Top 15 des pays avec les décès de Covid-19 - 22 mai 2021 - Statistiques

Statistiques générales
  • Ce quiz a été pris 60 fois
  • Le résultat moyen est 12 sur 24
Statistiques - réponses
décès
totaux
pays % Correct
108 526 France
98%
603 876 Etats-Unis
93%
448 291 Brésil
89%
118 125 Russie
88%
79 620 Espagne
82%
87 960 Allemagne
80%
299 256 Inde
80%
125 153 Italie
80%
221 256 Mexique
70%
127 716 Royaume-Uni
68%
73 688 Argentine
61%
Belgique
55%
72 882 Pologne
50%
84 228 Colombie
41%
67 807 Pérou
32%
Hongrie
23%
Tchèquie
21%
Slovénie
20%
Croatie
18%
78 381 Iran
18%
Slovaquie
18%
Macédoine du Nord
14%
Bulgarie
11%
Bosnie-Herzégovine
5%
Aucun quiz correspondant
Distribution des résultats
% des personnes avec chaque résultat
Percentile par nombre de réponses
Votre historique - résultats
Vous n’avez pas pris ce quiz